Clubs de football français entrainés par Antoine Kambouaré - Statistiques

Statistiques générales
  • Ce quiz a été pris 548 fois
  • Le résultat moyen est 11 sur 18
Statistiques - réponses
Saisons Division Fin de saison Equipe % Correct
2020-? L1 (en cours) FC Nantes
98%
2009-10 L1 13ème Paris SG
95%
2010-11 L1 4ème Paris SG
95%
2011-12 L1 1er (Licencié) Paris SG
95%
2019-20 L1 20ème (Licencié) Toulouse FC
75%
2013-14 L2 2ème RC Lens
71%
2014-15 L1 20ème RC Lens
71%
2015-16 L2 6ème RC Lens
71%
2016-17 L1 10ème EA Guingamp
59%
2017-18 L1 12ème EA Guingamp
59%
2018-19 L1 20ème (Licencié) EA Guingamp
59%
2003-04 L1 13ème RC Strasbourg
47%
2004-05 L1 11ème RC Strasbourg
47%
2018-19 L1 18ème Dijon FCO
45%
2005-06 L2 Champion Valenciennes FC
29%
2006-07 L1 17ème Valenciennes FC
29%
2007-08 L1 13ème Valenciennes FC
29%
2008-09 L1 12ème Valenciennes FC
29%
Aucun quiz correspondant
Distribution des résultats
% des personnes avec chaque résultat
Percentile par nombre de réponses
Votre historique - résultats
Vous n’avez pas pris ce quiz